000 00736nam a2200229 i 4500
001 58831
003 ES-MaACL
005 20250927103014.0
007 t|
008 031024s1928 fr ||||1| fre d
100 1 _aEgg, Peter.
_946718
245 1 0 _aHansine Solstad /
_cPeter Egge ; traduit du norvégien par P. G. La Chesnais.
260 _aParís :
_bStock,
_c1928 (
_eAbbeville :
_fF. Paillart)
300 _aXI, 251 p. ;
_c19 cm.
490 1 _aLe cabinet cosmopolite
490 1 _aBibliothèque scandinave
700 1 _aLa Chesnais, Pierre Georget,
_d1865-1948
_970386
830 0 _aLe cabinet cosmopolite
_9184129
830 0 _aBibliothèque scandinave
_9184111
852 _aES-MaACL
_jA-2230
999 _c58831
_d58831